[Event "NDVM 2019 U16"]
[Site "Kiel"]
[Date "2019.09.09"]
[Round "5.8"]
[White "Goltser, Ilja"]
[Black "Ellert, Oliver"]
[Result "1-0"]
[BlackElo "1632"]
[WhiteElo "1830"]
[LiveChessVersion "1.4.8"]

1. e4 {[%clk 1:30:57]} c6 {[%clk 1:30:56]} 2. d4 {[%clk 1:30:21]} d5
{[%clk 1:31:20]} 3. exd5 {[%clk 1:30:06]} cxd5 {[%clk 1:31:42]} 4. Bd3
{[%clk 1:30:03]} Nf6 {[%clk 1:31:40]} 5. c3 {[%clk 1:29:59]} Bg4 {[%clk 1:31:51]}
6. Ne2 {[%clk 1:28:41]} e6 {[%clk 1:31:32]} 7. Bf4 {[%clk 1:26:37]} Bd6
{[%clk 1:31:16]} 8. Bxd6 {[%clk 1:26:58]} Qxd6 {[%clk 1:31:41]} 9. Nd2
{[%clk 1:23:34]} Nc6 {[%clk 1:31:24]} 10. Nf1 {[%clk 1:20:06]} Bh5
{[%clk 1:31:25]} 11. Ne3 {[%clk 1:18:14]} Bg6 {[%clk 1:31:30]} 12. Ng3
{[%clk 1:17:30]} Bxd3 {[%clk 1:30:50]} 13. Qxd3 {[%clk 1:11:27]} O-O
{[%clk 1:30:23]} 14. O-O {[%clk 1:11:09]} a6 {[%clk 1:30:25]} 15. f4
{[%clk 1:02:32]} Rad8 {[%clk 1:27:40]} 16. Rae1 {[%clk 1:00:51]} Rfe8
{[%clk 1:27:36]} 17. Qd1 {[%clk 0:58:08]} Qc7 {[%clk 1:25:02]} 18. Ng4
{[%clk 0:57:32]} Nxg4 {[%clk 1:24:35]} 19. Qxg4 {[%clk 0:57:55]} Kh8
{[%clk 1:17:38]} 20. Nh5 {[%clk 0:49:00]} f5 {[%clk 1:17:22]} 21. Qf3
{[%clk 0:46:34]} Qf7 {[%clk 1:17:02]} 22. Re2 {[%clk 0:45:55]} g6
{[%clk 1:17:10]} 23. Ng3 {[%clk 0:46:06]} Nb8 {[%clk 1:15:27]} 24. Rfe1
{[%clk 0:37:28]} Rd6 {[%clk 1:14:51]} 25. Qe3 {[%clk 0:36:03]} Kg8
{[%clk 1:15:13]} 26. Nf1 {[%clk 0:36:19]} Nd7 {[%clk 1:15:22]} 27. Nd2
{[%clk 0:36:35]} Nf6 {[%clk 1:15:44]} 28. Nf3 {[%clk 0:33:47]} Ne4
{[%clk 1:15:44]} 29. Ne5 {[%clk 0:33:08]} Qc7 {[%clk 1:15:20]} 30. Rc1
{[%clk 0:31:22]} Rc8 {[%clk 1:14:53]} 31. Rec2 {[%clk 0:30:55]} Rdd8
{[%clk 1:10:20]} 32. Qe2 {[%clk 0:23:41]} b5 {[%clk 1:09:32]} 33. a3
{[%clk 0:23:01]} Qb6 {[%clk 1:09:35]} 34. Nd3 {[%clk 0:20:35]} Kf8
{[%clk 1:07:37]} 35. g3 {[%clk 0:18:04]} Kg8 {[%clk 1:07:29]} 36. Kg2
{[%clk 0:18:23]} Kg7 {[%clk 1:06:35]} 37. b4 {[%clk 0:15:34]} Rc7
{[%clk 1:06:40]} 38. Nc5 {[%clk 0:15:54]} Ra8 {[%clk 1:05:43]} 39. Ra2
{[%clk 0:13:07]} Kf7 {[%clk 1:05:47]} 40. a4 {[%clk 0:10:53]} Rca7
{[%clk 1:05:36]} 41. Qc2 {[%clk 0:08:30]} bxa4 {[%clk 1:04:07]} 42. Rxa4
{[%clk 0:05:25]} Qb5 {[%clk 1:02:54]} 43. Rca1 {[%clk 0:30:07]} Qc4
{[%clk 1:32:49]} 44. R1a3 {[%clk 0:29:59]} Ke7 {[%clk 1:31:56]} 45. Qd3
{[%clk 0:26:34]} Nd6 {[%clk 1:30:50]} 46. Qxc4 {[%clk 0:22:31]} Nxc4
{[%clk 1:31:15]} 47. Ra2 {[%clk 0:22:38]} a5 {[%clk 1:29:27]} 48. Kf3
{[%clk 0:19:05]} Kd6 {[%clk 1:24:38]} 49. Re2 {[%clk 0:19:07]} Re7
{[%clk 1:24:21]} 50. Rea2 {[%clk 0:17:42]} Rea7 {[%clk 1:22:49]} 51. Nb3
{[%clk 0:18:01]} Kc6 {[%clk 1:23:02]} 52. bxa5 {[%clk 0:16:54]} Nb6
{[%clk 1:21:58]} 53. Rb4 {[%clk 0:16:28]} Nc4 {[%clk 1:22:21]} 54. Re2
{[%clk 0:16:26]} Re8 {[%clk 1:22:21]} 55. Nc5 {[%clk 0:15:10]} Kd6
{[%clk 1:20:32]} 56. a6 {[%clk 0:15:19]} Rae7 {[%clk 1:17:08]} 57. Rb7
{[%clk 0:14:01]} Na5 {[%clk 1:16:51]} 58. Rb6+ {[%clk 0:13:15]} Nc6
{[%clk 1:16:25]} 59. Ra2 {[%clk 0:12:53]} Ra8 {[%clk 1:16:32]} 60. Re2
{[%clk 0:12:16]} Rae8 {[%clk 1:16:37]} 61. Ke3 {[%clk 0:11:46]} Kc7
{[%clk 1:16:30]} 62. Rb7+ {[%clk 0:12:12]} Kd6 {[%clk 1:16:54]} 63. Kd3
{[%clk 0:12:30]} Na5 {[%clk 1:14:17]} 64. Rxe7 {[%clk 0:12:04]} Rxe7
{[%clk 1:14:39]} 65. Rxe6+ {[%clk 0:12:22]} 1-0

[Event "NDVM 2019 U16"]
[Site "Kiel"]
[Date "2019.09.09"]
[Round "5.9"]
[White "Pahl, Erik"]
[Black "Farokhi, Keyvan"]
[Result "1-0"]
[BlackElo "1979"]
[WhiteElo "1990"]
[LiveChessVersion "1.4.8"]

1. Nf3 {[%clk 1:30:50]} Nf6 {[%clk 1:30:34]} 2. g3 {[%clk 1:31:12]} g6
{[%clk 1:30:57]} 3. Bg2 {[%clk 1:31:36]} Bg7 {[%clk 1:31:13]} 4. O-O
{[%clk 1:31:59]} O-O {[%clk 1:31:31]} 5. c4 {[%clk 1:27:40]} d6 {[%clk 1:30:01]}
6. Nc3 {[%clk 1:27:24]} e5 {[%clk 1:30:17]} 7. d3 {[%clk 1:27:34]} Nbd7
{[%clk 1:30:22]} 8. Rb1 {[%clk 1:26:00]} a5 {[%clk 1:27:50]} 9. a3
{[%clk 1:26:02]} Ne8 {[%clk 1:22:14]} 10. b4 {[%clk 1:20:44]} axb4
{[%clk 1:22:31]} 11. axb4 {[%clk 1:21:07]} f5 {[%clk 1:22:37]} 12. Qb3
{[%clk 1:14:38]} Kh8 {[%clk 1:21:17]} 13. Bd2 {[%clk 1:12:46]} f4
{[%clk 1:13:09]} 14. Ra1 {[%clk 1:06:35]} Rxa1 {[%clk 1:12:47]} 15. Rxa1
{[%clk 1:03:34]} g5 {[%clk 1:09:08]} 16. Ra7 {[%clk 1:00:36]} g4 {[%clk 1:06:23]}
17. Ne1 {[%clk 1:00:34]} fxg3 {[%clk 1:05:01]} 18. fxg3 {[%clk 0:58:27]} c6
{[%clk 1:04:45]} 19. Nc2 {[%clk 0:56:50]} Qf6 {[%clk 0:51:17]} 20. Ne4
{[%clk 0:55:17]} Qf7 {[%clk 0:51:35]} 21. Ra1 {[%clk 0:47:40]} h6
{[%clk 0:37:40]} 22. Ne3 {[%clk 0:42:14]} Ndf6 {[%clk 0:35:48]} 23. Rf1
{[%clk 0:41:04]} Qe7 {[%clk 0:32:25]} 24. b5 {[%clk 0:37:54]} Nxe4
{[%clk 0:29:43]} 25. Rxf8+ {[%clk 0:33:15]} Qxf8 {[%clk 0:27:33]} 26. Bxe4
{[%clk 0:33:25]} Nf6 {[%clk 0:27:11]} 27. Bg2 {[%clk 0:32:46]} Bd7
{[%clk 0:17:57]} 28. bxc6 {[%clk 0:26:56]} Bxc6 {[%clk 0:17:25]} 29. Bb4
{[%clk 0:25:19]} Qd8 {[%clk 0:13:02]} 30. Nf5 {[%clk 0:17:00]} Qb6+
{[%clk 0:12:21]} 31. Kf1 {[%clk 0:17:12]} Bxg2+ {[%clk 0:12:19]} 32. Kxg2
{[%clk 0:17:31]} Qc6+ {[%clk 0:11:30]} 33. Kg1 {[%clk 0:16:56]} d5
{[%clk 0:10:12]} 34. Ne7 {[%clk 0:13:49]} dxc4 {[%clk 0:10:27]} 35. Qxc4
{[%clk 0:13:47]} Qxc4 {[%clk 0:09:12]} 36. dxc4 {[%clk 0:14:09]} Nd7
{[%clk 0:07:27]} 37. Kf2 {[%clk 0:11:33]} Bf6 {[%clk 0:06:03]} 38. Nf5
{[%clk 0:10:59]} Bg5 {[%clk 0:05:12]} 39. c5 {[%clk 0:09:40]} Nf6
{[%clk 0:02:23]} 40. Nd6 {[%clk 0:08:14]} Nd5 {[%clk 0:02:06]} 41. Ba3
{[%clk 0:08:18]} Be3+ {[%clk 0:22:24]} 42. Kf1 {[%clk 0:37:04]} Bd4
{[%clk 0:21:36]} 43. Nxb7 {[%clk 0:36:38]} Ne3+ {[%clk 0:21:59]} 44. Kf2
{[%clk 0:35:31]} Nc2+ {[%clk 0:19:10]} 45. e3 {[%clk 0:35:53]} Nxa3
{[%clk 0:18:38]} 46. exd4 {[%clk 0:36:17]} exd4 {[%clk 0:19:03]} 47. Nd6
{[%clk 0:35:04]} Nb1 {[%clk 0:17:45]} 48. c6 {[%clk 0:34:54]} d3 {[%clk 0:18:08]}
49. c7 {[%clk 0:35:13]} 1-0

[Event "NDVM 2019 U16"]
[Site "Kiel"]
[Date "2019.09.09"]
[Round "5.10"]
[White "Grounev, Henry"]
[Black "Pahl, Theis"]
[Result "0-1"]
[BlackElo "1895"]
[WhiteElo "1712"]
[LiveChessVersion "1.4.8"]

1. e4 {[%clk 1:30:57]} c5 {[%clk 1:30:55]} 2. Nf3 {[%clk 1:31:18]} d6
{[%clk 1:31:18]} 3. d4 {[%clk 1:31:39]} cxd4 {[%clk 1:31:42]} 4. Nxd4
{[%clk 1:31:59]} Nf6 {[%clk 1:31:58]} 5. Nc3 {[%clk 1:32:21]} a6 {[%clk 1:32:19]}
6. Nb3 {[%clk 1:32:30]} e6 {[%clk 1:25:56]} 7. f4 {[%clk 1:32:03]} Nbd7
{[%clk 1:24:41]} 8. g4 {[%clk 1:24:33]} h6 {[%clk 1:15:55]} 9. Be3
{[%clk 1:21:07]} b5 {[%clk 1:14:08]} 10. a3 {[%clk 1:19:52]} Bb7 {[%clk 1:07:58]}
11. Bg2 {[%clk 1:11:50]} Be7 {[%clk 1:07:10]} 12. h4 {[%clk 0:58:15]} h5
{[%clk 0:45:55]} 13. g5 {[%clk 0:42:20]} Ng4 {[%clk 0:46:13]} 14. Qe2
{[%clk 0:39:56]} Nxe3 {[%clk 0:43:16]} 15. Qxe3 {[%clk 0:39:56]} Qb6
{[%clk 0:43:07]} 16. Qxb6 {[%clk 0:36:52]} Nxb6 {[%clk 0:43:34]} 17. Na5
{[%clk 0:36:32]} Bc8 {[%clk 0:42:18]} 18. O-O-O {[%clk 0:33:41]} Bd7
{[%clk 0:40:29]} 19. Rhf1 {[%clk 0:29:59]} Rc8 {[%clk 0:37:53]} 20. f5
{[%clk 0:28:43]} Nc4 {[%clk 0:36:56]} 21. Nxc4 {[%clk 0:27:39]} Rxc4
{[%clk 0:37:06]} 22. f6 {[%clk 0:27:09]} gxf6 {[%clk 0:37:20]} 23. gxf6
{[%clk 0:27:31]} Bf8 {[%clk 0:37:46]} 24. Bf3 {[%clk 0:27:24]} Bc6
{[%clk 0:35:00]} 25. Kb1 {[%clk 0:24:17]} a5 {[%clk 0:34:34]} 26. Be2
{[%clk 0:22:22]} Rc5 {[%clk 0:34:53]} 27. Bd3 {[%clk 0:20:44]} Re5
{[%clk 0:33:18]} 28. Rde1 {[%clk 0:19:13]} Bh6 {[%clk 0:32:46]} 29. Rg1
{[%clk 0:18:26]} Kd7 {[%clk 0:31:40]} 30. Re2 {[%clk 0:17:44]} Rb8
{[%clk 0:28:25]} 31. b4 {[%clk 0:15:54]} Kc7 {[%clk 0:23:09]} 32. Kb2
{[%clk 0:15:21]} Kb6 {[%clk 0:21:12]} 33. Kb3 {[%clk 0:14:09]} Rc8
{[%clk 0:18:53]} 34. Rg3 {[%clk 0:11:46]} Bc1 {[%clk 0:15:58]} 35. Rg1
{[%clk 0:09:34]} Bh6 {[%clk 0:13:03]} 36. Kb2 {[%clk 0:08:55]} Ba8
{[%clk 0:09:47]} 37. bxa5+ {[%clk 0:05:51]} Kxa5 {[%clk 0:09:44]} 38. Reg2
{[%clk 0:05:24]} Be3 {[%clk 0:08:14]} 39. Rg8 {[%clk 0:04:37]} Rec5
{[%clk 0:08:08]} 40. Rxc8 {[%clk 0:04:32]} Rxc8 {[%clk 0:08:33]} 41. Rg3
{[%clk 0:01:03]} Bd4 {[%clk 0:08:45]} 42. Be2 {[%clk 0:29:59]} b4
{[%clk 0:38:02]} 43. Rd3 {[%clk 0:21:30]} bxc3+ {[%clk 0:33:56]} 44. Ka2
{[%clk 0:21:19]} Be5 {[%clk 0:33:14]} 45. Rd1 {[%clk 0:19:39]} Bxe4
{[%clk 0:31:32]} 46. Rb1 {[%clk 0:19:25]} Rc5 {[%clk 0:31:00]} 47. Rc1
{[%clk 0:17:48]} Bg6 {[%clk 0:30:58]} 48. Rf1 {[%clk 0:16:28]} Rc6
{[%clk 0:31:06]} 0-1

[Event "NDVM 2019 U16"]
[Site "Kiel"]
[Date "2019.09.09"]
[Round "5.11"]
[White "Alhamid, Mohamad"]
[Black "Steinbach, Julian"]
[Result "1/2-1/2"]
[BlackElo "1670"]
[WhiteElo "1716"]
[LiveChessVersion "1.4.8"]

1. e4 {[%clk 1:30:53]} d6 {[%clk 1:30:53]} 2. d4 {[%clk 1:31:15]} Nf6
{[%clk 1:31:14]} 3. Nc3 {[%clk 1:31:39]} e5 {[%clk 1:31:32]} 4. dxe5
{[%clk 1:31:49]} dxe5 {[%clk 1:31:55]} 5. Qxd8+ {[%clk 1:32:03]} Kxd8
{[%clk 1:32:24]} 6. Bg5 {[%clk 1:32:24]} Be6 {[%clk 1:32:45]} 7. Nf3
{[%clk 1:31:58]} Bd6 {[%clk 1:32:31]} 8. O-O-O {[%clk 1:31:59]} Ke7
{[%clk 1:32:31]} 9. Bb5 {[%clk 1:20:13]} c6 {[%clk 1:25:15]} 10. Ba4 Nbd7
{[%clk 1:22:22]} 11. Rhe1 {[%clk 1:16:00]} Nc5 {[%clk 1:19:22]} 12. Bb3
{[%clk 1:13:51]} Nxb3+ {[%clk 1:19:32]} 13. axb3 {[%clk 1:14:08]} h6
{[%clk 1:13:34]} 14. Bxf6+ {[%clk 1:12:41]} gxf6 {[%clk 1:14:03]} 15. Nh4
{[%clk 1:06:42]} Bb4 {[%clk 1:14:17]} 16. Nf5+ {[%clk 1:06:34]} Bxf5
{[%clk 1:14:44]} 17. exf5 {[%clk 1:07:03]} Rhg8 {[%clk 1:14:53]} 18. Rg1
{[%clk 1:03:54]} Bxc3 {[%clk 1:14:28]} 19. bxc3 {[%clk 1:04:11]} Rg5
{[%clk 1:14:36]} 20. g4 {[%clk 1:04:03]} h5 {[%clk 1:14:46]} 21. f3
{[%clk 1:03:01]} hxg4 {[%clk 1:14:57]} 22. fxg4 {[%clk 1:03:07]} Rh8
{[%clk 1:15:16]} 23. Rd2 {[%clk 1:02:24]} Rh4 {[%clk 1:14:35]} 24. Rgd1
{[%clk 1:01:15]} Kf8 {[%clk 1:13:27]} 25. Rd7 {[%clk 1:00:26]} Rhxg4
{[%clk 1:13:51]} 26. Rxb7 {[%clk 1:00:26]} Rg1 {[%clk 1:14:06]} 27. Rxa7
{[%clk 1:00:15]} Rxd1+ {[%clk 1:12:50]} 28. Kxd1 {[%clk 1:00:44]} Rxf5
{[%clk 1:12:53]} 29. Ra6 c5 {[%clk 1:12:44]} 30. Rc6 {[%clk 1:00:46]} e4
{[%clk 1:12:53]} 31. Ke2 {[%clk 0:58:22]} Rh5 {[%clk 1:12:12]} 32. Ke3
{[%clk 0:57:22]} f5 {[%clk 1:10:14]} 33. b4 {[%clk 0:51:13]} Rh3+
{[%clk 1:10:11]} 34. Kf2 {[%clk 0:45:54]} Rxh2+ {[%clk 1:09:35]} 35. Kg3
{[%clk 0:44:55]} Rxc2 {[%clk 1:02:10]} 36. Rxc5 {[%clk 0:45:05]} e3
{[%clk 0:59:07]} 37. b5 {[%clk 0:39:20]} Rc1 {[%clk 0:51:55]} 38. Kf3
{[%clk 0:36:36]} f4 {[%clk 0:51:41]} 39. b6 {[%clk 0:35:19]} Rf1+
{[%clk 0:51:47]} 40. Ke2 {[%clk 0:34:20]} Rf2+ {[%clk 0:51:48]} 41. Ke1
{[%clk 0:33:55]} Rb2 {[%clk 0:52:00]} 42. Rf5 {[%clk 0:32:16]} Rxb6
{[%clk 0:50:06]} 43. Rxf4 {[%clk 0:32:12]} Rc6 {[%clk 0:49:44]} 44. c4
{[%clk 0:32:27]} Re6 {[%clk 0:49:51]} 45. Ke2 {[%clk 0:32:51]} Ke7
{[%clk 0:50:16]} 46. Rf3 {[%clk 0:33:08]} f6 {[%clk 0:48:27]} 47. Rxe3
{[%clk 0:33:29]} Rxe3+ {[%clk 0:48:53]} 1/2-1/2

[Event "NDVM 2019 U16"]
[Site "Kiel"]
[Date "2019.09.09"]
[Round "5.12"]
[White "Woltmann, Peter"]
[Black "Fink, Anton"]
[Result "1-0"]
[BlackElo "1509"]
[WhiteElo "1503"]
[LiveChessVersion "1.4.8"]

1. e4 {[%clk 1:30:56]} e5 {[%clk 1:29:54]} 2. Nf3 {[%clk 1:31:16]} Nc6
{[%clk 1:30:20]} 3. d4 {[%clk 1:31:36]} exd4 {[%clk 1:28:11]} 4. Bc4
{[%clk 1:32:00]} Nf6 {[%clk 1:19:00]} 5. e5 {[%clk 1:32:23]} Ng4 {[%clk 1:17:03]}
6. Bxf7+ {[%clk 1:28:56]} Kxf7 {[%clk 1:08:25]} 7. Ng5+ {[%clk 1:29:19]} Ke8
{[%clk 1:01:12]} 8. Qxg4 {[%clk 1:29:34]} Bb4+ {[%clk 0:56:27]} 9. c3
{[%clk 1:29:00]} dxc3 {[%clk 0:55:04]} 10. Nxc3 {[%clk 1:27:40]} Bxc3+
{[%clk 0:53:41]} 11. bxc3 {[%clk 1:27:54]} Nxe5 {[%clk 0:48:39]} 12. Qg3
{[%clk 1:26:33]} d6 {[%clk 0:46:05]} 13. O-O {[%clk 1:26:35]} Bf5
{[%clk 0:38:31]} 14. Re1 {[%clk 1:26:06]} Kd7 {[%clk 0:35:52]} 15. Rd1
{[%clk 1:20:25]} Qf6 {[%clk 0:30:10]} 16. Be3 {[%clk 1:13:07]} h6
{[%clk 0:23:28]} 17. Nh3 {[%clk 1:12:06]} g5 {[%clk 0:18:08]} 18. Bd4
{[%clk 1:12:02]} Rae8 {[%clk 0:17:37]} 19. c4 {[%clk 1:11:05]} c5
{[%clk 0:15:52]} 20. Bxc5 {[%clk 1:10:53]} Nxc4 {[%clk 0:12:42]} 21. Rac1
{[%clk 1:11:01]} Qe6 {[%clk 0:12:12]} 22. Qb3 {[%clk 1:07:48]} b6
{[%clk 0:10:06]} 23. Bd4 {[%clk 1:06:25]} Ne5 {[%clk 0:05:38]} 24. Qa4+
{[%clk 1:06:23]} Ke7 {[%clk 0:03:57]} 25. f4 {[%clk 1:06:12]} Bxh3
{[%clk 0:03:26]} 26. fxe5 {[%clk 1:05:55]} dxe5 {[%clk 0:02:06]} 27. Bxe5
{[%clk 1:03:30]} Kf7 {[%clk 0:01:07]} 28. Rf1+ {[%clk 1:02:04]} Bf5
{[%clk 0:00:44]} 29. Bxh8 {[%clk 1:02:12]} Rxh8 {[%clk 0:00:47]} 30. Rc7+
{[%clk 1:01:05]} Kg6 {[%clk 0:01:02]} 31. Rc6 {[%clk 1:01:24]} Qxc6
{[%clk 0:00:34]} 1-0

[Event "SK Nordhorn-Blanke-SC Borussia Lichtenbe"]
[Site "Kiel"]
[Date "2019.09.09"]
[Round "5.1"]
[White "Ermitsch, Magnus"]
[Black "Rudi, Jonathan"]
[Result "1-0"]
[WhiteElo "1761"]
[BlackElo "1699"]
[Annotator "Rnd./Pair./Board: 05.004.01"]
[PlyCount "51"]
[EventDate "2019.??.??"]
[WhiteTeam "SC Borussia Lichtenberg"]
[BlackTeam "SK Nordhorn-Blanke"]

1. e4 c5 2. Nf3 Nc6 3. d4 cxd4 4. Nxd4 Nf6 5. Nc3 e5 6. Ndb5 d6 7. Bg5 a6 8.
Na3 b5 9. Nd5 Be7 10. Bxf6 Bxf6 11. c4 b4 12. Nc2 a5 13. Qf3 Bg5 14. h4 Bxh4
15. Rxh4 Qxh4 16. Nc7+ Kd8 17. Nxa8 Rf8 18. O-O-O Ke7 19. Qd3 Qh6+ 20. Qd2 Qg6
21. Nb6 Bb7 22. Nd5+ Kd7 23. c5 Rd8 24. cxd6 Qxd6 25. Nf6+ Ke7 26. Ng8+ 1-0

[Event "SK Nordhorn-Blanke-SC Borussia Lichtenbe"]
[Site "Kiel"]
[Date "2019.09.09"]
[Round "5.2"]
[White "ter Stal, Lars"]
[Black "Kraft, Adrian"]
[Result "1-0"]
[WhiteElo "1716"]
[BlackElo "1750"]
[Annotator "Rnd./Pair./Board: 05.004.02"]
[PlyCount "111"]
[EventDate "2019.??.??"]
[WhiteTeam "SK Nordhorn-Blanke"]
[BlackTeam "SC Borussia Lichtenberg"]

1. d4 g6 2. e4 Bg7 3. Nc3 d6 4. Be3 Nc6 5. Qd2 e5 6. d5 Nce7 7. O-O-O a6 8. h4
h5 9. g3 Nf6 10. f3 b5 11. Bh3 Bd7 12. Qg2 b4 13. Nce2 a5 14. g4 a4 15. g5 Nh7
16. Kd2 b3 17. cxb3 axb3 18. Ke1 bxa2 19. Ra1 Bxh3 20. Nxh3 Qb8 21. Nc3 O-O 22.
Qe2 Qb4 23. Nf2 Rfb8 24. Nd3 Qb3 25. Kf2 c6 26. dxc6 d5 27. Bc5 d4 28. Bxe7
dxc3 29. bxc3 Qb6+ 30. Bc5 Qxc6 31. Rxa2 Bf8 32. Bxf8 Nxf8 33. Rxa8 Rxa8 34.
Rc1 Qc4 35. Nb4 Qc8 36. Kg3 Ne6 37. Nd5 Kg7 38. Qe3 Ra2 39. Qb6 Qc4 40. Qd6 Qe2
41. Qxe5+ Kh7 42. Nf6+ Kg7 43. Nxh5+ Kh7 44. Nf6+ Kg7 45. Kg4 Qg2+ 46. Qg3 Qd2
47. Rb1 Rc2 48. Rb8 Nf8 49. h5 gxh5+ 50. Nxh5+ Kg6 51. Rb6+ Kh7 52. Rh6+ Kg8
53. Rh8+ Kxh8 54. Qe5+ f6 55. Qxf6+ Kh7 56. Qg7# 1-0

[Event "SK Nordhorn-Blanke-SC Borussia Lichtenbe"]
[Site "Kiel"]
[Date "2019.09.09"]
[Round "5.3"]
[White "Katzenbach, Linus"]
[Black "Meijerink, Inken"]
[Result "1-0"]
[WhiteElo "1722"]
[BlackElo "1729"]
[Annotator "Rnd./Pair./Board: 05.004.03"]
[PlyCount "91"]
[EventDate "2019.??.??"]
[WhiteTeam "SC Borussia Lichtenberg"]
[BlackTeam "SK Nordhorn-Blanke"]

1. e4 c5 2. Nf3 Nc6 3. d4 cxd4 4. Nxd4 Nf6 5. Nc3 e5 6. Ndb5 d6 7. Bg5 a6 8.
Na3 b5 9. Nd5 Be7 10. Bxf6 Bxf6 11. c3 Bg5 12. Nc2 O-O 13. a4 Rb8 14. b4 Ne7
15. Nce3 Be6 16. axb5 axb5 17. Nxe7+ Qxe7 18. Nd5 Qb7 19. Be2 Bxd5 20. Qxd5
Qxd5 21. exd5 Rfc8 22. Ra3 g6 23. h4 Bc1 24. Rb3 Rc7 25. Kd1 Bh6 26. Ra3 Bg7
27. Kc2 e4 28. Rh3 f5 29. Ra5 Bd4 30. Bxb5 Bxf2 31. Bc6 Re7 32. Kd2 Ra7 33.
Rxa7 Bxa7 34. b5 Bb6 35. c4 e3+ 36. Kd3 f4 37. Rf3 Rf8 38. g3 fxg3 39. Rxg3 Rf2
40. Rxe3 Bxe3 41. Kxe3 Rf8 42. b6 h6 43. b7 g5 44. hxg5 hxg5 45. Bd7 Kf7 46.
Bc8 1-0

[Event "SK Nordhorn-Blanke-SC Borussia Lichtenbe"]
[Site "Kiel"]
[Date "2019.09.09"]
[Round "5.4"]
[White "Hallfarth, Luise"]
[Black "Gillmeister, Gino"]
[Result "0-1"]
[WhiteElo "1569"]
[BlackElo "1593"]
[Annotator "Rnd./Pair./Board: 05.004.04"]
[PlyCount "58"]
[EventDate "2019.??.??"]
[WhiteTeam "SK Nordhorn-Blanke"]
[BlackTeam "SC Borussia Lichtenberg"]

1. e4 b6 2. Nc3 Bb7 3. Bc4 e6 4. d4 Bb4 5. d5 Nf6 6. Nge2 Nxe4 7. Qd4 Nf6 8.
O-O Bc5 9. Qd3 O-O 10. Bg5 Be7 11. Rad1 Qc8 12. Ng3 Nxd5 13. Nce4 Bxg5 14. Nxg5
f5 15. Qd4 Qd8 16. h4 Nc6 17. Qd2 Ne5 18. Bb3 h6 19. Nf3 Nxf3+ 20. gxf3 Qxh4
21. Qe2 Nf4 22. Qe3 Nh3+ 23. Kg2 Nf4+ 24. Kg1 g5 25. Rd4 Rf7 26. Rfd1 d5 27. c4
c5 28. R4d2 d4 29. Qe5 Qh3 0-1

[Event "SV Mattnetz Berlin-SchVGG Blankenese"]
[Site "Kiel"]
[Date "2019.09.09"]
[Round "5.1"]
[White "Burgtorf, Benjamin"]
[Black "Huels, Maximilian"]
[Result "1/2-1/2"]
[WhiteElo "1775"]
[BlackElo "1920"]
[Annotator "Rnd./Pair./Board: 05.005.01"]
[PlyCount "79"]
[EventDate "2019.??.??"]
[WhiteTeam "SchVGG Blankenese"]
[BlackTeam "SV Mattnetz Berlin"]

1. c4 e5 2. g3 Nc6 3. Bg2 Nf6 4. Nc3 Bb4 5. Nd5 Bc5 6. e3 d6 7. Ne2 Be6 8. a3
Bxd5 9. cxd5 Ne7 10. b4 Bb6 11. Qb3 O-O 12. O-O Qd7 13. Ra2 a5 14. b5 Bc5 15.
a4 Rab8 16. Rc2 Qg4 17. Bb2 Bb6 18. d4 e4 19. Nf4 Qg5 20. h4 Qh6 21. f3 exf3
22. Bxf3 g5 23. hxg5 Qxg5 24. Rg2 Nf5 25. Kf2 Rbe8 26. Re1 Ng4+ 27. Bxg4 Qxg4
28. Qd3 Re7 29. e4 Rfe8 30. Rh2 Rxe4 31. Rxe4 Rxe4 32. Qxe4 Qxg3+ 33. Kf1 Ne3+
34. Ke2 Qxh2+ 35. Kxe3 Qxb2 36. Qe8+ Kg7 37. Nh5+ Kh6 38. Qf8+ Kxh5 39. Qxf7+
Kg4 40. Qf3+ 1/2-1/2

[Event "SV Mattnetz Berlin-SchVGG Blankenese"]
[Site "Kiel"]
[Date "2019.09.09"]
[Round "5.2"]
[White "Schnabel, Luise"]
[Black "von Rosen, Jakob"]
[Result "0-1"]
[WhiteElo "1892"]
[BlackElo "1732"]
[Annotator "Rnd./Pair./Board: 05.005.02"]
[PlyCount "92"]
[EventDate "2019.??.??"]
[WhiteTeam "SV Mattnetz Berlin"]
[BlackTeam "SchVGG Blankenese"]

1. e4 c5 2. Nf3 d6 3. d4 cxd4 4. Nxd4 Nf6 5. Nc3 a6 6. Bg5 e6 7. f4 Be7 8. Qf3
Nbd7 9. Bd3 Qc7 10. O-O-O b5 11. Rhe1 Bb7 12. Nd5 exd5 13. Nf5 dxe4 14. Nxg7+
Kd8 15. Bxe4 Rc8 16. Rd2 Bxe4 17. Rxe4 Nxe4 18. Bxe7+ Kxe7 19. Qxe4+ Kf8 20.
Qd4 Rg8 21. Nf5 Re8 22. c3 Nc5 23. Nxd6 Rd8 24. Qf6 Qe7 25. Qh6+ Rg7 26. Qxg7+
Kxg7 27. Nf5+ Kf6 28. Nxe7 Kxe7 29. Re2+ Kf6 30. Kc2 Rd5 31. g3 h5 32. Re8 Kf5
33. Re7 f6 34. Ra7 Ne4 35. Rxa6 Rd2+ 36. Kc1 Rxh2 37. Rb6 Nxg3 38. Rxb5+ Kxf4
39. c4 Ne2+ 40. Kd1 Nd4 41. Rb8 Ke3 42. Re8+ Kd3 43. Ke1 Rxb2 44. Rh8 h4 45.
Kf1 Ke3 46. c5 Rxa2 0-1

[Event "SV Mattnetz Berlin-SchVGG Blankenese"]
[Site "Kiel"]
[Date "2019.09.09"]
[Round "5.3"]
[White "Sell, Eero"]
[Black "Grozea, Filip"]
[Result "1-0"]
[WhiteElo "1774"]
[BlackElo "1736"]
[Annotator "Rnd./Pair./Board: 05.005.03"]
[PlyCount "67"]
[EventDate "2019.??.??"]
[WhiteTeam "SchVGG Blankenese"]
[BlackTeam "SV Mattnetz Berlin"]

1. d4 c5 2. d5 d6 3. c4 g6 4. e4 Bg7 5. Nc3 Nf6 6. h3 Na6 7. Nf3 O-O 8. Bf4 Re8
9. Be2 Nc7 10. O-O h6 11. Qc2 e6 12. Nd2 exd5 13. cxd5 Kh7 14. a4 Nfxd5 15.
Nxd5 Nxd5 16. exd5 Rxe2 17. Be3 Qh4 18. Qd3 Qh5 19. Rfd1 Be5 20. Kf1 Bxh3 21.
gxh3 Rxd2 22. Bxd2 Bxb2 23. Rab1 Bd4 24. Bc3 Qxd5 25. Bxd4 cxd4 26. Kg1 Re8 27.
Qg3 Re5 28. Rb5 Qe4 29. Qg2 Qc2 30. Rxd4 Re1+ 31. Kh2 g5 32. Qf3 Kg7 33. Rxb7
Qa2 34. Rxd6 1-0

[Event "SV Mattnetz Berlin-SchVGG Blankenese"]
[Site "Kiel"]
[Date "2019.09.09"]
[Round "5.4"]
[White "Stockter, Jasper Enno"]
[Black "Tao, Alexander"]
[Result "1-0"]
[WhiteElo "1735"]
[BlackElo "1444"]
[Annotator "Rnd./Pair./Board: 05.005.04"]
[PlyCount "83"]
[EventDate "2019.??.??"]
[WhiteTeam "SV Mattnetz Berlin"]
[BlackTeam "SchVGG Blankenese"]

1. e4 e5 2. Nf3 Nc6 3. d4 exd4 4. Nxd4 Nf6 5. Nxc6 bxc6 6. e5 Qe7 7. Qe2 Nd5 8.
c4 Nb6 9. f4 g6 10. b3 Bg7 11. Bb2 O-O 12. Nc3 d6 13. Ba3 Rd8 14. O-O-O Qe8 15.
c5 dxc5 16. Rxd8 Qxd8 17. Bxc5 Be6 18. g3 Nd5 19. Qf3 Bf8 20. Bxf8 Qxf8 21. Kb2
Qc5 22. Bc4 Nxc3 23. Qxc3 Qf2+ 24. Qc2 Qd4+ 25. Qc3 Qf2+ 26. Ka3 Qc5+ 27. Qb4
Qf8 28. Qxf8+ Kxf8 29. Bxe6 fxe6 30. Rc1 Ke7 31. Rxc6 Kd7 32. Ra6 c6 33. Kb4
Rb8+ 34. Kc5 Rb5+ 35. Kc4 Rb7 36. a4 Kc7 37. Kc5 Rxb3 38. Rxa7+ Kb8 39. Rxh7
Rb2 40. Kxc6 Ka8 41. Rh6 Ka7 42. Rxg6 1-0

[Event "SK Weisse Dame Hamburg-SK Lehrte"]
[Site "Kiel"]
[Date "2019.09.09"]
[Round "5.1"]
[White "Reimer, Philip"]
[Black "Popist, Florian"]
[Result "0-1"]
[WhiteElo "2016"]
[BlackElo "2043"]
[Annotator "Rnd./Pair./Board: 05.006.01"]
[PlyCount "90"]
[EventDate "2019.??.??"]
[WhiteTeam "SK Lehrte"]
[BlackTeam "SK Weisse Dame Hamburg"]

1. e4 c5 2. Nf3 e6 3. d4 cxd4 4. Nxd4 Nc6 5. Nc3 Qc7 6. Be3 a6 7. Qf3 Ne5 8.
Qg3 h5 9. O-O-O h4 10. Qh3 b5 11. f4 Nc4 12. Bxc4 Qxc4 13. f5 Bb7 14. Rhf1 e5
15. Nf3 d6 16. Kb1 Nf6 17. Nd2 Qc7 18. a3 Rc8 19. Ka1 d5 20. Nxd5 Nxd5 21. exd5
Bxa3 22. Bd4 Be7 23. Bxe5 Qxe5 24. Rfe1 Qc7 25. d6 Qxd6 26. Ne4 Qc7 27. Nd6+
Kf8 28. Nxc8 Bxc8 29. Qd3 Rh6 30. Qf3 Rd6 31. Rxd6 Bxd6 32. Kb1 Be7 33. Qh5 Kg8
34. f6 gxf6 35. Qxh4 Bf5 36. Qf2 Bh7 37. h4 b4 38. Re3 a5 39. Rg3+ Kh8 40. Re3
Qc5 41. Ka1 Bxc2 42. h5 b3 43. Qf4 Qd6 44. Qh6+ Kg8 45. Re1 Qd4 0-1